000 00746nam a2200229Ii 4500
003 JO-AjNU
008 230605s9999||||xx |||||||||||||| ||und||
017 _a2013/3/816
020 _a978-9957-83-252-0
040 _aJO-AjNU
_bara
_erda
_cJO-AjNU
041 _aara
050 1 4 _aG155.A1.K424 2014
100 3 _aتاليف كافي، مصطفى يوسف,
_eauthor
_951165
245 0 0 _aأخلاقيات صناعة السياحة والضيافة
250 _aط1
264 3 1 _aعمان: مكتبة المجتمع العربي، 2014
300 _a405ص
336 _atext
_btxt
_2rdacontent
337 _aunmediated
_bn
_2rdamedia
338 _avolume
_bnc
_2rdacarrier
650 4 _aالسياحة- التنمية السياحية
_951166
999 _aA22583
_c26151
_d26151